[Event "Stay Safe Play From Home 307"]
[Site "Emanuel Lasker Arena"]
[Date "2020.07.16"]
[Round "9"]
[White "Lazieri3"]
[Black "Tolka"]
[Result "1-0"]
[WhiteElo "2131"]
[BlackElo "2321"]
[Annotator "TA"]
[PlyCount "117"]
[EventDate "2020.07.16"]
[EventType "swiss (blitz)"]

{[%evp 18,117,-31,-39,9,-1,2,-10,2,0,16,9,0,0,3,0,1,0,14,0,0,0,0,0,0,0,0,0,0,0,0,0,0,0,0,-2,0,-18,0,0,0,0,4,0,0,0,0,0,127,137,315,115,306,288,529,543,568,610,633,470,470,465,561,434,433,436,410,385,485,441,441,436,1048,966,29980,462,462,418,876,808,29993,29994,29994,29995,29999,29994,29994,29995,29995,29995,29995,29995,29996,29995,29995,29995,29996,29997,29998,29998,29998,29999]} 1. e4 e6 2. Nc3 d5 3. exd5 exd5 4. d4 Nf6 5. Nf3 Bd6 6. Bg5 c6 7. Bd3 O-O 8. O-O Bg4 9. h3 Bh5 10. Re1 Bg6 {C01: French: Exchange Variation.} 11. Bxg6 hxg6 12. Qd2 Nbd7 {The position is equal.} 13. Bf4 Qc7 14. Bxd6 Qxd6 15. Re2 Rae8 16. Rae1 Rxe2 17. Rxe2 Nh5 18. a3 Nf4 19. Re1 Ne6 20. Ne2 Nf6 21. Ng3 Re8 22. c3 Nc7 23. Rxe8+ Ncxe8 24. Qe1 Kf8 25. Qe2 Qe7 26. Qd2 Nd6 27. Qd3 Nfe4 28. Ne5 Nxg3 29. Qxg3 Ne4 30. Qe3 Kg8 31. Nf3 Qe6 32. Qf4 Qe8 (32... Nd6 $11) 33. Qc7 $16 {White now steadily converts the win.} Qa8 $2 {[#]} (33... f6 $16) 34. a4 $2 (34. Ne5 $1 $18) 34... a5 $2 {[#]} (34... f6 $16) 35. Ne5 $1 $18 Qf8 $2 (35... Qe8 36. Qxb7 Nc5 37. Qxc6 (37. dxc5 Qxe5 38. Qxc6 Qe1+ 39. Kh2 Qe5+ 40. g3 Qe2 $16) 37... Qxc6 38. Nxc6 Nxa4 39. Nxa5 Kf8) 36. Qxb7 g5 37. Qxc6 Nf6 38. Ng4 Nxg4 39. hxg4 {[%mdl 4096] Endgame KQ-KQ} Qe7 40. Qxd5 Qe1+ 41. Kh2 Qxf2 {intending ...Qh4+.} 42. Qxg5 Qxb2 43. Qd8+ Kh7 44. Qxa5 Qb8+ (44... Qd2 $142 45. Qf5+ Kg8 46. Qc8+ Kh7 47. Qf5+ Kg8 48. Qc8+ Kh7 49. Qf5+) 45. Qe5 Qb1 46. Qh5+ (46. Qf5+ $142 Qxf5 47. gxf5 Kh6 48. a5 Kg5 49. a6 Kxf5 50. a7 Kg6 51. a8=Q) 46... Kg8 47. Qf5 Qb8+ (47... Qc1 $142 48. Qc8+ Kh7) 48. Qe5 Qe8 49. Qxe8+ {White mates.} Kh7 50. Qxf7 Kh6 51. Qf5 {[%csl Gg4][%cal Rf5h5]} g6 52. g5+ Kg7 53. Qf6+ Kg8 54. Qxg6+ Kf8 55. Qf6+ Ke8 56. g6 Kd7 57. g7 Kc8 58. g8=Q+ Kb7 59. Qgg7+ {Accuracy: White = 80%, Black = 46%.} 1-0

[Event "Stay Safe Play From Home 307"]
[Site "Emanuel Lasker Arena"]
[Date "2020.07.16"]
[Round "9"]
[White "Subkat62"]
[Black "Haris kollari 13"]
[Result "1-0"]
[WhiteElo "2070"]
[BlackElo "1660"]
[Annotator "NA RC"]
[PlyCount "75"]
[EventDate "2020.07.16"]
[EventType "swiss (blitz)"]

1. d4 {[%emt 0:00:02]} e6 {[%emt 0:00:00]} 2. c4 {[%emt 0:00:01]} d5 {[%emt 0:00:00]} 3. Nc3 {[%emt 0:00:00]} c6 {[%emt 0:00:00]} 4. Nf3 {[%emt 0:00:01]} f5 {[%emt 0:00:01]} 5. Bg5 {[%emt 0:00:02]} Nf6 {[%emt 0:00:01]} 6. e3 {[%emt 0:00:01]} Be7 {[%emt 0:00:01]} 7. Ne5 {[%emt 0:00:01]} h6 {[%emt 0:00:01]} 8. Bxf6 {[%emt 0:00:01]} Bxf6 {[%emt 0:00:01]} 9. f4 {[%emt 0:00:00]} O-O {[%emt 0:00:02]} 10. Qh5 {[%emt 0:00:01]} Nd7 {[%emt 0:00:02]} 11. Bd3 {[%emt 0:00:02]} Nxe5 {[%emt 0:00:01]} 12. fxe5 {[%emt 0:00:02]} Bg5 {[%emt 0:00:01]} 13. Qh3 {[%emt 0:00:09]} Qb6 {[%emt 0:00:02]} 14. O-O-O {[%emt 0:00:01]} Qxd4 {[%emt 0:00:02]} 15. Kc2 {[%emt 0:00:02]} Qb6 {[%emt 0:00:05]} 16. Rhf1 {[%emt 0:00:03]} Qxe3 {[%emt 0:00:02]} 17. Rf3 {[%emt 0:00:02]} Qb6 {[%emt 0:00:02]} 18. Qh5 {[%emt 0:00:01]} Bd7 {[%emt 0:00:03]} 19. h4 {[%emt 0:00:01]} Be7 {[%emt 0:00:02]} 20. g4 {[%emt 0:00:01]} Be8 {[%emt 0:00:03]} 21. Qxe8 {[%emt 0:00:04]} Raxe8 {[%emt 0:00:02]} 22. gxf5 {[%emt 0:00:00]} exf5 {[%emt 0:00:01]} 23. Bxf5 {[%emt 0:00:01]} dxc4 {[%emt 0:00:01]} 24. Be6+ {[%emt 0:00:01]} Kh8 {[%emt 0:00:01]} 25. Rdf1 {[%emt 0:00:01]} Rxf3 {[%emt 0:00:04]} 26. Rxf3 {[%emt 0:00:00]} Bxh4 {[%emt 0:00:01]} 27. Bxc4 {[%emt 0:00:02]} Rxe5 {[%emt 0:00:01]} 28. a3 {[%emt 0:00:01]} Qg1 {[%emt 0:00:03]} 29. Bd3 {[%emt 0:00:01]} Kg8 {[%emt 0:00:01]} 30. Ne4 {[%emt 0:00:02]} Qg2+ {[%emt 0:00:03]} 31. Nd2 {[%emt 0:00:03]} Rc5+ {[%emt 0:00:03]} 32. Kb3 {[%emt 0:00:02]} Qxd2 {[%emt 0:00:01]} 33. Bc4+ {[%emt 0:00:01]} Kh7 {[%emt 0:00:01]} 34. Bd3+ {[%emt 0:00:02]} g6 {[%emt 0:00:01]} 35. Rf7+ {[%emt 0:00:01]} Kg8 {[%emt 0:00:01]} 36. Bc4 {[%emt 0:00:03]} Qe3+ {[%emt 0:00:02]} 37. Ka2 {[%emt 0:00:01]} Rxc4 {[%emt 0:00:01]} 38. Rg7+ {[%emt 0:00:00] Time (Lag: Av=0.39s, max=0.9s)} 1-0

[Event "Stay Safe Play From Home 307"]
[Site "Emanuel Lasker Arena"]
[Date "2020.07.16"]
[Round "9"]
[White "Bardellosport"]
[Black "Scorpio New"]
[Result "0-1"]
[WhiteElo "2003"]
[BlackElo "2074"]
[Annotator "TA"]
[PlyCount "104"]
[EventDate "2020.07.16"]
[EventType "swiss (blitz)"]

{[%evp 12,104,26,8,25,3,10,6,14,-29,-22,-60,-14,-31,-37,-81,-72,-141,-130,-129,-135,-122,0,-125,-83,-190,-179,-172,-173,-175,-140,-134,-111,-113,-105,-151,-58,-114,-77,-70,-16,-102,0,-77,0,-57,493,-258,-244,-998,-927,-704,-371,-358,-262,-368,-196,-256,-245,-338,-245,-578,-420,-488,-235,-570,-445,-525,-500,-526,-475,-677,-665,-1014,-1010,-1131,-1088,-2242,-1923,-2382,-4645,-3818,-3383,-2162,-1449,-5700,-3990,-29984,-29984,-29984,-29978,-29978,-29979,-29988,-29986]} 1. d4 d6 2. e3 g6 3. Nf3 Nf6 4. b3 Bg7 5. Bb2 O-O 6. Be2 Nbd7 7. O-O c6 {[#] 7...Re8 gains popularity. A48: 1 d4 Nf6 2 Nf3 g6: Torre, London and Colle Systems.} 8. Kh1 $146 ({Predecessor:} 8. a4 Qc7 9. a5 e5 10. c4 Re8 11. Nc3 Nf8 12. a6 b6 13. d5 c5 14. Nb5 Qe7 {½-½ (81) Nakamura,H (2736)-Nyzhnyk,I (2665) chess.com INT 2020}) 8... Qc7 9. c4 e5 {The position is equal.} 10. dxe5 dxe5 11. Nc3 Re8 12. Qc2 Nc5 $36 {[%mdl 2048] Black fights for an advantage.} 13. Rad1 Bf5 14. e4 (14. Qc1 $142) 14... Ncxe4 15. Nxe4 Bxe4 16. Qc3 Nd7 (16... c5 $17 17. Qe3 Bf5) 17. Rfe1 (17. Ng5 $1 $11 {remains equal.} Nf6 18. f3) 17... Nc5 18. b4 (18. Ng5 $17 {was necessary.} Bf5 19. g4) 18... Bxf3 19. bxc5 Bxe2 20. Rxe2 h5 21. f4 {[%cal Rf4e5]} f6 22. fxe5 fxe5 23. Qe3 Qe7 (23... Rad8 $17 24. Rxd8 Rxd8) 24. Rde1 (24. Rd6 $15) 24... a5 25. h3 a4 (25... Qf7 $15) 26. Bc3 (26. Qg3 $11) 26... a3 (26... Qh4 $17 27. Qd3 Qg5) 27. Kh2 (27. Qg3 $11) 27... Ra4 ({Better is} 27... Qh4 $17 28. Qd3 Qg5) 28. Qd3 ({White should try} 28. Qg3 $11 Qf7 29. Bxe5 Bxe5 30. Rxe5 Rxe5 31. Qxe5 Rxc4 32. Re3) 28... e4 $2 {[%mdl 8192]} (28... Qf7 $15 29. Re4 Re6) 29. Qc2 $4 {[%mdl 8192]} (29. Rxe4 $18 {was the only winning move.} Qc7+ 30. Qd6 Qxd6+ 31. cxd6 Rxe4 32. d7) 29... Rxc4 $19 30. Re3 $2 (30. Qb3 Qxc5 31. Rxe4 Rexe4 32. Rxe4) 30... Rxc3 31. Rxc3 Bxc3 32. Qxc3 {[%mdl 4096] Endgame KQR-KQR} e3 33. Kg1 (33. Kh1 {is a better defense.}) 33... Qe6 (33... e2 $142 34. Qxa3 Kh7) 34. Qd3 (34. Qxa3 $142 Kh7 35. Qb3) 34... Kh7 35. Re2 Re7 36. Kh2 $2 (36. Qxa3 {was the crucial defense.} Qe5 37. Qb4) 36... h4 37. Kg1 {[#]} Qe5 (37... Qd5 $142 $1 38. Qc2 Qd4) 38. Qd1 $2 (38. Qxa3 Qa1+ 39. Kh2) 38... Kh6 39. Qe1 Qd4 40. Qf1 g5 41. Qf3 (41. Qf8+ $142 Qg7 42. Qf5) 41... Qxc5 42. Kh2 Qe5+ 43. Kg1 c5 44. Re1 c4 45. Qf8+ Kh7 46. Qf3 c3 47. Qe2 b5 48. Rc1 b4 49. Rd1 {[#]} b3 $1 {Black mates.} 50. axb3 {[#]} a2 $1 51. Qxa2 e2 52. Re1 Qe3+ {Accuracy: White = 20%, Black = 48%.} 0-1

[Event "Stay Safe Play From Home 307"]
[Site "Emanuel Lasker Arena"]
[Date "2020.07.16"]
[Round "9"]
[White "Grazie"]
[Black "GIULIO19031975"]
[Result "0-1"]
[WhiteElo "1919"]
[BlackElo "1774"]
[Annotator "NA RC"]
[PlyCount "86"]
[EventDate "2020.07.16"]
[EventType "swiss (blitz)"]

1. d4 {[%emt 0:00:01]} d5 {[%emt 0:00:01]} 2. c3 {[%emt 0:00:00]} e6 {[%emt 0:00:01]} 3. g3 {[%emt 0:00:00]} c6 {[%emt 0:00:00]} 4. Bg2 {[%emt 0:00:00]} Nf6 {[%emt 0:00:00]} 5. Nf3 {[%emt 0:00:00]} Nbd7 {[%emt 0:00:00]} 6. Bg5 {[%emt 0:00:00]} Be7 {[%emt 0:00:01]} 7. Bxf6 {[%emt 0:00:00]} Nxf6 {[%emt 0:00:01]} 8. Nbd2 {[%emt 0:00:00]} O-O {[%emt 0:00:01]} 9. O-O {[%emt 0:00:00]} Bd7 {[%emt 0:00:01]} 10. Re1 {[%emt 0:00:00]} Qc8 {[%emt 0:00:01]} 11. e4 {[%emt 0:00:00]} dxe4 {[%emt 0:00:01]} 12. Nxe4 {[%emt 0:00:00]} Nxe4 {[%emt 0:00:00]} 13. Rxe4 {[%emt 0:00:00]} Bf6 {[%emt 0:00:01]} 14. Qb3 {[%emt 0:00:01]} Re8 {[%emt 0:00:01]} 15. Rae1 {[%emt 0:00:01]} c5 {[%emt 0:00:01]} 16. dxc5 {[%emt 0:00:01]} Qxc5 {[%emt 0:00:01]} 17. Ne5 {[%emt 0:00:06]} Bc6 {[%emt 0:00:03]} 18. Nxc6 {[%emt 0:00:01]} bxc6 {[%emt 0:00:01]} 19. Rc4 {[%emt 0:00:01]} Qg5 {[%emt 0:00:01]} 20. Rxc6 {[%emt 0:00:06]} Rab8 {[%emt 0:00:01]} 21. Qc2 {[%emt 0:00:04]} Red8 {[%emt 0:00:01]} 22. b3 {[%emt 0:00:03]} h5 {[%emt 0:00:02]} 23. Rd1 {[%emt 0:00:04]} h4 {[%emt 0:00:02]} 24. Rxd8+ {[%emt 0:00:01]} Rxd8 {[%emt 0:00:01]} 25. b4 {[%emt 0:00:02]} Rd2 {[%emt 0:00:02]} 26. Qe4 {[%emt 0:00:03]} Rd1+ {[%emt 0:00:01]} 27. Bf1 {[%emt 0:00:01]} h3 {[%emt 0:00:04]} 28. Rc8+ {[%emt 0:00:02]} Bd8 {[%emt 0:00:03]} 29. Qh4 {[%emt 0:00:04]} Qxh4 {[%emt 0:00:03]} 30. gxh4 {[%emt 0:00:01]} g6 {[%emt 0:00:02]} 31. f4 {[%emt 0:00:01]} Kg7 {[%emt 0:00:01]} 32. Kf2 {[%emt 0:00:01]} Bxh4+ {[%emt 0:00:03]} 33. Ke2 {[%emt 0:00:01]} Ra1 {[%emt 0:00:01]} 34. Bxh3 {[%emt 0:00:01]} Rxa2+ {[%emt 0:00:01]} 35. Kd3 {[%emt 0:00:00]} Rxh2 {[%emt 0:00:01]} 36. Bg4 {[%emt 0:00:00]} Be1 {[%emt 0:00:01]} 37. Rc7 {[%emt 0:00:03]} Rf2 {[%emt 0:00:02]} 38. Bxe6 {[%emt 0:00:02]} Rxf4 {[%emt 0:00:01]} 39. Ke2 {[%emt 0:00:01]} Bh4 {[%emt 0:00:03]} 40. Bd5 {[%emt 0:00:02]} Rf6 {[%emt 0:00:00]} 41. c4 {[%emt 0:00:01]} g5 {[%emt 0:00:00]} 42. b5 {[%emt 0:00:03]} Bg3 {[%emt 0:00:00]} 43. Rxa7 {[%emt 0:00:02]} Bc7 {[%emt 0:00:00] Zeit (Lag: Av=0.42s, max=0.6s)} 0-1

[Event "Stay Safe Play From Home 307"]
[Site "Emanuel Lasker Arena"]
[Date "2020.07.16"]
[Round "9"]
[White "Greblha"]
[Black "Broken sword"]
[Result "0-1"]
[WhiteElo "1907"]
[BlackElo "2465"]
[Annotator "TA"]
[PlyCount "88"]
[EventDate "2020.07.16"]
[EventType "swiss (blitz)"]

{[%evp 9,88,16,10,-1,32,24,149,74,56,26,53,42,41,0,0,-8,18,4,64,50,56,-43,-46,-65,-54,-58,-65,-75,-19,-16,-18,-57,-41,-46,10,-51,-57,-116,-89,-115,-112,-117,-133,-257,-253,-252,-252,-292,-284,-300,-290,-358,-237,-262,-181,-166,-168,-166,-156,-170,-162,-153,-137,-275,-249,-518,-518,-475,-450,-1177,-1154,-1069,-1067,-12833,-12834,-29986,-29987,-29987,-29988,-29988,-29989]} 1. e4 c5 2. Nc3 e6 3. g3 a6 4. Bg2 b5 5. d3 Bb7 6. Be3 {B23: Closed Sicilian: Lines without g3.} d5 7. exd5 exd5 {[#]} (7... Nf6 $11) 8. d4 (8. Qe2 $142 $1) 8... c4 $16 9. Nf3 Nf6 10. O-O Be7 {[#]} 11. Ne2 $146 ({Predecessor:} 11. Nh4 Qd7 12. Re1 O-O 13. Qf3 b4 14. Nd1 Ne4 15. Nf5 Bf6 16. c3 Nc6 17. Bh3 {0-1 (36) Ryzhkova,N-Kalinina,M Bila Tserkva 2006}) 11... O-O 12. c3 Nc6 13. Nf4 a5 ({Better is} 13... Re8 $11) 14. Ne5 $14 b4 15. Nxc6 (15. Re1 $14) 15... Bxc6 $15 16. Qf3 Rb8 17. Nh5 Nxh5 18. Qxh5 Bf6 (18... a4 $17) 19. Bf4 Rb7 20. Be5 g6 21. Qe2 Kg7 ({Black should play} 21... Re8 $15) 22. Bxf6+ (22. f4 $11) 22... Qxf6 23. Rfe1 (23. f4 $15) 23... Re8 24. Qf3 Reb8 25. Qxf6+ Kxf6 26. Re5 (26. cxb4 $17 axb4 27. Re3) 26... bxc3 $19 27. bxc3 Rb1+ 28. Rxb1 Rxb1+ {[%mdl 4096] Endgame KRB-KRB} 29. Bf1 Rc1 30. Re3 Bd7 {[#] ( -> ...Bh3)} 31. Kg2 Bf5 32. Be2 Be4+ 33. Bf3 Bxf3+ 34. Rxf3+ {KR-KR} Ke6 35. Re3+ Kd6 36. Rf3 {Now White is beyond hope.} (36. g4 $17 {is a better defense.}) 36... f5 37. g4 $2 (37. h3) 37... fxg4 38. Rf6+ Ke7 39. Rf4 (39. Ra6 $142 Rxc3 40. Rxa5) 39... Rxc3 40. Rxg4 Rd3 41. Rh4 h5 42. Rf4 c3 {Black mates.} 43. Rf3 Rxf3 44. Kxf3 c2 {Accuracy: White = 35%, Black = 56%.} 0-1

[Event "Stay Safe Play From Home 307"]
[Site "Emanuel Lasker Arena"]
[Date "2020.07.16"]
[Round "9"]
[White "Bishop91"]
[Black "Buzaglo"]
[Result "1-0"]
[WhiteElo "1722"]
[BlackElo "1983"]
[Annotator "NA RC"]
[PlyCount "61"]
[EventDate "2020.07.16"]
[EventType "swiss (blitz)"]

1. d4 {[%emt 0:00:02]} e6 {[%emt 0:00:00]} 2. g3 {[%emt 0:00:00]} d5 {[%emt 0:00:00]} 3. Bg2 {[%emt 0:00:00]} Nf6 {[%emt 0:00:00]} 4. Nf3 {[%emt 0:00:01]} Be7 {[%emt 0:00:00]} 5. O-O {[%emt 0:00:01]} c5 {[%emt 0:00:00]} 6. c3 {[%emt 0:00:01]} cxd4 {[%emt 0:00:00]} 7. cxd4 {[%emt 0:00:01]} O-O {[%emt 0:00:00]} 8. Nc3 {[%emt 0:00:01]} Nc6 {[%emt 0:00:00]} 9. Bg5 {[%emt 0:00:01]} Bd6 {[%emt 0:00:00]} 10. e3 {[%emt 0:00:01]} h6 {[%emt 0:00:01]} 11. Bxf6 {[%emt 0:00:01]} Qxf6 {[%emt 0:00:01]} 12. Rc1 {[%emt 0:00:01]} e5 {[%emt 0:00:01]} 13. Nxd5 {[%emt 0:00:02]} Qe6 {[%emt 0:00:01]} 14. dxe5 {[%emt 0:00:03]} Nxe5 {[%emt 0:00:03]} 15. Nxe5 {[%emt 0:00:01]} Bxe5 {[%emt 0:00:01]} 16. Nc7 {[%emt 0:00:03]} Bxc7 {[%emt 0:00:02]} 17. Rxc7 {[%emt 0:00:02]} Qxa2 {[%emt 0:00:03]} 18. Qc2 {[%emt 0:00:02]} Qa6 {[%emt 0:00:03]} 19. Rd1 {[%emt 0:00:02]} Rb8 {[%emt 0:00:01]} 20. Be4 {[%emt 0:00:03]} Be6 {[%emt 0:00:02]} 21. Bh7+ {[%emt 0:00:05]} Kh8 {[%emt 0:00:01]} 22. Bd3 {[%emt 0:00:00]} Qb6 {[%emt 0:00:02]} 23. h4 {[%emt 0:00:04]} a5 {[%emt 0:00:01]} 24. Be4 {[%emt 0:00:07]} a4 {[%emt 0:00:01]} 25. Rb1 {[%emt 0:00:02]} Bb3 {[%emt 0:00:01]} 26. Qc3 {[%emt 0:00:01]} Qd6 {[%emt 0:00:02]} 27. Re1 {[%emt 0:00:02]} b5 {[%emt 0:00:02]} 28. Rc6 {[%emt 0:00:03]} Qd7 {[%emt 0:00:03]} 29. Bc2 {[%emt 0:00:00]} b4 {[%emt 0:00:01]} 30. Qd3 {[%emt 0:00:02]} Qxc6 {[%emt 0:00:01]} 31. Qh7# {[%emt 0:00:01] (Lag: Av=0.38s, max=0.4s)} 1-0